| 000 | 00514nam a2200193Ia 4500 | ||
|---|---|---|---|
| 005 | 20250923145918.0 | ||
| 008 | 008 250917s9999 xx 000 0 eng d | ||
| 037 | _aReference | ||
| 040 |
_aDSWL _beng _cDSWL |
||
| 041 |
_aeng _2eng |
||
| 084 |
_aZ(Q2), N94 _qDSWL |
||
| 245 | 0 | _aHindu law, 1994 (with short notes) | |
| 260 |
_aNew Delhi _b Universal Book Treders _c1994 |
||
| 300 | _av,46p. | ||
| 365 |
_aINR _b18.00 |
||
| 925 | _g18.00 | ||
| 942 |
_cREF _hZ(Q2), N94 |
||
| 999 |
_c1457265 _d1457265 |
||